000 01601nam a2200313 a 4500
001 BRCA_5005
005 20190320204911.0
008 291010s1733----mx-######v---#000-0#spa-#
041 _aspa
044 _amx
084 _aDOC70
_b.M38
_c1733
100 1 _aMata, Felipe Antonio de
_912763
245 1 0 _aDocumento redactado por Don Felipe Antonio de Mata
_cFelipe Antonio de Mata.
260 _aMéxico
_c1733
300 _a[75] fojas
_c31 x 21 cm.
500 _aDocumento que contiene varios asuntos sobre un mismo tema fechado entre 1732 y 1733.
500 _aCuenta y relación jurada que da Don Felipe Antonio de Mata, Tesorero Mayordomo de los propios y rentas de esta Nobilísima Ciudad (México) a los señores del Cabildo, Justicia y Regimiento de ella, de lo recaudado de dichos propios desde el primero de octubre de 1732 hasta fin de septiembre de 1733.
500 _aContiene sellos con el escudo de la casa de Borbón y lema: ´SELLO QUARTO. UN QUARTILLO. AÑOS DE MIL SETECIENTOS Y TREINTA Y UNO Y TREINTA Y DOS´.
500 _aContiene la leyenda DOC. #230.
500 _aPapel con marca de agua.
500 _aEstado de conservación: contienen margenes en mal estado y manchas de acidez causadas por la tinta.
506 0 _aFondo Reservado. Para su consulta es necesario credencial de usuario y carta de motivos.
546 _aTexto en: español de principios del siglo XVIII.
600 1 4 _aMata, Felipe Antonio
_xHistoria
_912764
650 1 4 _aDocumentos legales
_912765
651 4 _aMéxico
_xHistoria
_yColonia, 1521-1821
_912461
902 _aFDH
942 _2lcc
_cD
999 _c4699
_d4699